000 00732nam a2200253Ia 4500
003 OSt
005 20220926003728.0
006 a|||||r|||| 00| 0
007 ta
008 220923b |||||||| |||| 00| 0 eng d
020 _a0198078307
037 _cGeneral Book
040 _aRTL
_cRTL
_beng
041 _2eng
_aeng
082 _aY15-5927(Q6).211, Q2
100 _aBAMA
_9307007
245 0 _aKarukku. Translated from Tamil by Lakshmi Holmstorm
250 _a2nd
260 _a New Delhi
_bOxford University Press India
_c2012
300 _axii,142p
_ccm.
490 _aNLI Research Studies Series No. 132/2019
942 _hY15-5927(Q6).211, Q2
_cGB
_2CC
999 _c608696
_d608696